Minecraft Crafting Recipes - Statistics

General Stats
  • This quiz has been taken 1,096 times
  • The average score is 25 of 45
Answer Stats
Recipe Answer % Correct
Stone Pickaxe Cobblestone
98%
Stone Pickaxe Cobblestone
98%
Stone Pickaxe Cobblestone
98%
Stone Pickaxe Stick
96%
Stone Pickaxe Stick
96%
Blast Furnace Furnace
65%
Lead Slimeball
65%
Lead String
64%
Lead String
64%
Lead String
63%
Lead String
63%
Blast Furnace Iron Ingot
60%
Blast Furnace Iron Ingot
59%
Blast Furnace Iron Ingot
59%
Blast Furnace Iron Ingot
59%
Blast Furnace Iron Ingot
58%
Stone Pickaxe Air
56%
Stone Pickaxe Air
55%
Stone Pickaxe Air
55%
Stone Pickaxe Air
55%
Blast Furnace Smooth Stone
53%
Blast Furnace Smooth Stone
53%
Blast Furnace Smooth Stone
53%
Redstone Repeater Redstone
51%
Tripwire Hook Iron Ingot
50%
Tripwire Hook Stick
50%
Redstone Repeater Air
49%
Redstone Repeater Air
49%
Redstone Repeater Air
49%
Redstone Repeater Air
48%
Redstone Repeater Stone
48%
Redstone Repeater Redstone Torch
47%
Redstone Repeater Stone
47%
Redstone Repeater Stone
47%
Redstone Repeater Redstone Torch
46%
Tripwire Hook Air
43%
Tripwire Hook Air
42%
Tripwire Hook Air
42%
Tripwire Hook Air
41%
Tripwire Hook Air
41%
Tripwire Hook Air
41%
Redstone Repeater Air
39%
Redstone Repeater Air
39%
Redstone Repeater Air
39%
Tripwire Hook Wooden Planks
25%
No matching quizzes found
Score Distribution
Percent of People with Each Score
Percentile by Number Answered
Your Score History
You have not taken this quiz